Videogiochi più venduti di sempre - Statistics

Statistiche generali
  • Questo quiz è stato fatto 388 volte
    150 dall'ultimo reset
  • Il punteggio medio è 4 su 20
Statistiche sulle risposte
Vendite Data di pubblicazione Piattaforme Videogioco % Corretto
350 000 000 2011 Multipiattaforma Minecraft
86%
58 000 000 1989 NES, Game Boy Color e Advance Super Mario Bros.
78%
215 000 000 2013 Multipiattaforma Grand Theft Auto V
76%
82 900 000 2006 Wii Wii Sports
36%
43 000 000 2008 Multipiattaforma Call of Duty: Black Ops III
23%
47 520 000 2020 Game Boy, Nintendo 3DS Pokémon Rosso, Verde, Blu e Giallo
23%
74 000 000 2014 Multipiattaforma Red Dead Redemption II
22%
76 660 000 2006 Wii U, Nintendo Switch Mario Kart 8 / Mario Kart 8 Deluxe
20%
47 820 000 2007 Nintendo Switch Animal Crossing: New Horizons
18%
60 000 000 2016 Multipiattaforma The Elder Scrolls V: Skyrim
17%
50 000 000 2011 Multipiattaforma Overwatch
10%
41 000 000 2017 Multipiattaforma Call of Duty: Modern Warfare
9%
60 000 000 2015 Multipiattaforma The Witcher 3: Wild Hunt
8%
75 000 000 2017 Multipiattaforma PlayerUnknown's Battlegrounds
5%
64 000 000 2018 Multipiattaforma Terraria
5%
43 800 000 1980 Wii Wii Fit / Wii Fit Plus
3%
43 700 000 2016 Multipiattaforma Monster Hunter: World / Monster Hunter World: Iceborne
2%
41 000 000 2009 Multipiattaforma Stardew Valley
1%
55 000 000 1996 Multipiattaforma Human: Fall Flat
0%
65 000 000 1985 Multipiattaforma The Oregon Trail
0%
Nessun quiz corrispondente trovato
Distribuzione punteggi
Percentuale di utenti per punteggio
Percentile per numero di risposta
I tuoi punteggi nel tempo
Non hai fatto questo quiz dall'ultimo reset